| 000 | 00679nam a2200205Ia 4500 | ||
|---|---|---|---|
| 003 | GCL | ||
| 008 | 140319s9999 xx 000 0 ara d | ||
| 040 |
_aGCL / _cGCL |
||
| 082 | 0 | 4 |
_a658.16 _bح ا |
| 100 | 1 | _aحمدى فؤاد على | |
| 245 | 1 | 0 |
_aالاتجاهات الحديثة فى الادارة: البرمجة الخطية وبيروت / _cحمدى فؤاد على |
| 300 | _a414 ص | ||
| 490 |
_aمراجع ادارة الاعمال _v0 |
||
| 650 | 0 | 4 | _aادارة الاعمال |
| 650 | 0 | 4 | _aادارة الانتاج |
| 650 | 0 | 4 | _aادارة الافراد |
| 650 | 0 | 4 | _aبحوث العمليات |
| 650 | 0 | 4 | _aالبرمجة الخطية |
| 942 |
_2ddc _cBK |
||
| 999 |
_c45687 _d45687 |
||